Relaciones humanas en la empresa

Gespeichert in:
Bibliographische Detailangaben
1. Verfasser: Kelly, Joe (VerfasserIn)
Format: Buch
Sprache:Spanisch
Veröffentlicht: Buenos Aires El Ateneo 1978
Ausgabe:2a. ed
Schriftenreihe:Biblioteca de Ciencias Económicas, Serie: Personal y Relaciones Humanas
Schlagworte:
Tags: Tag hinzufügen
Keine Tags, Fügen Sie den ersten Tag hinzu!

MARC

LEADER 00000nam a2200000 a 4500
001 UCX0500
003 CL-VaPUC
008 891027e19780000AG |||||||||||||||||spa|d
082 0 4 |a 658.3  |b KEL  |2 21 
100 |a Kelly, Joe  |e author  |9 368965 
245 1 0 |a Relaciones humanas en la empresa 
250 |a 2a. ed 
300 |a 419 p 
942 |c BK 
945 |d 19891027 00:00:00 
260 |a Buenos Aires  |b El Ateneo  |c 1978 
650 0 |a Relaciones humanas  |9 307340 
583 |a last modification  |c 19891027 00:00:00  |k Rodrigo Vera 
490 0 |a Biblioteca de Ciencias Económicas, Serie: Personal y Relaciones Humanas 
999 |c 222090  |d 222088 
952 |0 0  |1 0  |4 0  |6 658_300000000000000_KEL_1978  |7 0  |8 A  |9 216338  |a BIBGIM  |b BIBGIM  |d 2019-11-15  |i 2849224  |o 658.3 KEL 1978  |p 2849224  |r 2025-01-15  |w 2019-11-15  |y BK  |k SSL